000
00333nam a22001457a 4500
008
230626b ||||| |||| 00| 0 eng d
020
_a
9780323401708
041
_a
eng
080
_2
FIFTH EDITION
_a
610.73
082
_a
610.73McK
100
_a
8
101
_a
INF
245
_a
MATERNAL-CHILD NURSING
_c
McKINNEY
942
_2
udc
_c
BK
999
_c
60041
_d
60041